Регионална библиотека "Любен Каравелов" - Русе

По косите пепел (Запис номер 324184)

MARC детайли
000 -Лидер
Контролно поле с фиксирана дължина aam a22 a 4500
003 - Код на организацията, давaща контролен номер
Контролно поле BLK
005 - Дата и час на последна редакция
Контролно поле 20220225141657.0
008 - Елементи от данни с фиксирана дължина
fixed length control field 180918b bul||||| |||| 00| 0 bul d
020 ## - Международен стандартен номер на книга ISBN
Международен стандартен номер на книга ISBN 978-954-8483-21-6
040 ## - Източник на каталожния запис
Идентификатор на билиотеката - собственик на записа BLK
041 ## - Код за език
Код за езика на текст/звукозапис или на отделно заглавие Български
Код за езика КДБФ Български
080 ## - УДК
Текстов определител УДК Българска литература
УДК код - определител по УДК 821.163.2
УДК - код + определител 821.163.2-1
100 ## - Редна дума - Автор
Автор Коларова-Шиндлер, Румена
Авторска отговорност първи автор
R(LIN) 1299
139 ## - Редно поле
Редна дума Коларова-Шиндлер, Румена
Авторски знак Кок - К 77
245 ## - Сведения за заглавието
Заглавие По косите пепел
Подзаглавни данни Лирични миниатюри
Редно поле (дума) Румена Коларова-Шиндлер
260 ## - Област на издателските данни
Име на издателя, разпространителя и проч. Парнас
Година на издаване б.г.
Място на издаване, разпространение и проч. Русе
300 ## - Физическа характеристика
Страници 56 с.
Размери/Мащаб 18 см
380 ## - Жанр
Жанр Худож. лит.
700 ## - Други автори (авторска отговорност)
9 (RLIN) 349070
Лично име Монев, Пламен Игнатов
Автороска отговорност (Описва отношението между автора и произведението) худож.
852 ## - Местоположение
Фондова буква Заемна - подръчен фонд
Систематично-азбучна сигнатура П 886.7-1/ К 77
852 ## - Местоположение
Фондова буква Заемна - подръчен фонд
Систематично-азбучна сигнатура К 821.163.2/К 74 И
999 ## - СИСТЕМНИ КОНТРОЛНИ НОМЕРА
Koha biblionumber 324184
Koha biblioitemnumber 324184
942 ## - АРТИКУЛИ
Вид на библиотечния материал Книги
Източник на класификационната схема Universal Decimal Classification
Скрит в OPAC Не
Периодичен библиозапис Да
999 ## - СИСТЕМНИ КОНТРОЛНИ НОМЕРА
Koha biblioitemnumber 324184
999 ## - СИСТЕМНИ КОНТРОЛНИ НОМЕРА
Koha biblioitemnumber 324184
999 ## - СИСТЕМНИ КОНТРОЛНИ НОМЕРА
Koha biblioitemnumber 324184
Наличности
Код за отписване Код за изгубен артикул Източник на класификационната схема Код за повреда Коз за рестрикции Код за отдаване Артикулен № Име на библиотеката - собственик Име на библиотеката, в която се намира в момента Статус (Текущо местоположение) Дата на вписване в системата Местоположение - отдел Цена в лева Инвентарен номер Систематично азбучна сигнатура Баркод Цена в евро Служебен тип на артикула
  Не е изгубен Universal Decimal Classification Не е повреден без рестрикции заемане за дома 680491 Регионална библиотека "Любен Каравелов" Русе Регионална библиотека "Любен Каравелов" Русе Заемна - подръчен фонд 2018-09-18 Заемна - подръчен фонд 1.17 120000823007 П 886.7-1/К 77 120000823007 0.60 Книги
Изтеглен Не е изгубен Universal Decimal Classification Не е повреден без рестрикции заемане за дома 680492 Регионална библиотека "Любен Каравелов" Русе Регионална библиотека "Любен Каравелов" Русе Заемна - подръчен фонд 2018-09-18 Заемна - подръчен фонд 1.17 120000823006 П 886.7-1/К 77 120000823006 0.60 Книги
  Не е изгубен Universal Decimal Classification Не е повреден само за читалня ползва се в читалня 680493 Регионална библиотека "Любен Каравелов" Русе Регионална библиотека "Любен Каравелов" Русе Основен фонд - ползва се само за читалня 2018-09-18 Хранилище 1.17 120000823008 І 37580 120000823008 0.60 Книги
  Не е изгубен Universal Decimal Classification Не е повреден само за читалня ползва се в читалня 680494 Регионална библиотека "Любен Каравелов" Русе Регионална библиотека "Любен Каравелов" Русе Краезнание 2018-09-18 Краезнание 1.17 120000823009 К 821.163.2/К 77 Р 120000823009 0.60 Книги
Vip Innovations Ltd, Rousse, Bulgaria 2025